000 00274 a2200121 4500
001 146729
040 _cEscola São Tomás de Aquino
100 _aGALVÃO, Yêda
240 1 0 _aÉ cor de luar
_lpor
245 1 0 _aÉ cor de luar
697 _a*LITERATURA INFANTO
942 _cBK
999 _c146729
_d146729